000 00566nam a22001937a 4500
999 _c5276
_d5276
003 GBCCL
005 20241126110537.0
008 180312b ||||| |||| 00| 0 eng d
020 _a0802446744
040 _cgbc
082 _a225.07
_bTEA
100 _aReeder, W. Donald
_99521
245 _aThe Letters of John and Jude /
_cW. Donald Reeder
260 _aChicago:
_bMoody Press,
_c1965
300 _a64 p.;
_c22 cm.
440 _aTeach Yourself the Bible
_99498
650 _aBible
_vN. T.
_vThe letters of John and Jude
_xStudy & Teaching
_99522
942 _2ddc
_cBK
_01